Statistics for FC Barcelona Squad 2009-2010

Click here to take the quiz!

General Stats

  • This quiz has been taken 159 times
  • The average score is 16 of 22

Answer Stats

#PositionNationPlayer% Correct
10FWArgentinaLionel Messi
100%
8MFSpainAndrés Iniesta
93%
6MFSpainXavi Hernández
92%
5DFSpainCarles Puyol
91%
3DFSpainGerard Piqué
91%
9FWSwedenZlatan Ibrahimović
91%
2DFBrazilDani Alves
88%
1GKSpainVíctor Valdés
88%
-CoachSpainPep Guardiola
83%
17FWSpainPedro Rodríguez
80%
14FWFranceThierry Henry
79%
4DFMexicoRafa Márquez
78%
24MFIvory CoastYaya Touré
74%
22DFFranceÉric Abidal
70%
16MFSpainSergio Busquets
67%
15MFMaliSeydou Keita
65%
13GKSpainJosé Manuel Pinto
55%
11FWSpainBojan Krkić
48%
18DFArgentinaGabriel Milito
42%
19DFBrazilMaxwell
40%
20MFVenezuelaJeffrén Suárez
30%
21DFUkraineDmitro Chigrinskiy
10%

Score Distribution

Percentile by Number Answered

Percent of People with Each Score

Your Score History

You have not taken this quiz